Statistics for Crazy Ex-Girlfriend Actor to Character

Click here to take the quiz!

General Stats

  • This quiz has been taken 40 times
  • The average score is 14 of 15

Answer Stats

QuestionAnswer% Correct
Who was portrayed by Donna Lynne Champlin?Paula Proctor
100%
... Vella Lovell?Heather Davis
100%
... Rachel Bloom?Rebecca Bunch
100%
... Gabrielle Ruiz?Valencia Perez
100%
... Skylar Astin?Greg Serrano
100%
... Vincent Rodriguez III?Josh Chan
100%
... Erick Lopez?Hector
100%
... Santino Fontana?Greg Serrano
100%
... Esther Povitsky?Maya
98%
... David Hull?White Josh
98%
... Scott Michael Foster?Nathaniel Plimpton III
98%
... Tovah Feldshuh?Naomi Bunch
95%
... Pete Gardner?Darryl Whitefeather
90%
... Rene Gube?Father Brah
80%
... Michael Hyatt?Dr. Noelle Akopian
80%

Score Distribution

Percentile by Number Answered

Percent of People with Each Score

Your Score History

You have not taken this quiz